| 000 | 00814nam a2200217 i 4500 | ||
|---|---|---|---|
| 001 | 77315 | ||
| 003 | ES-MaACL | ||
| 005 | 20230906173147.0 | ||
| 007 | t| | ||
| 008 | 041008s1981 sp ||||1| spa d | ||
| 245 | 0 | 3 |
_aEl habla de la ciudad de Madrid _b: materiales para su estudio / _cedición de M. Esgueva y M. Cantarero. |
| 260 |
_aMadrid : _bInstituto Miguel de Cervantes, _c1981. |
||
| 300 |
_aXIV, 449 p. ; _c22 cm. |
||
| 490 | 1 |
_aLa norma lingüística culta de la lengua española hablada en Madrid ; _v1 |
|
| 700 | 1 |
_aEsgueva Martínez, Manuel A. _947722 |
|
| 700 | 1 |
_aCantarero, M. _934627 |
|
| 830 | 0 |
_aLa norma lingüística culta de la lengua española hablada en Madrid ; _v1 _9184460 |
|
| 852 |
_aES-MaACL _jL-1621 _bR.102622 |
||
| 852 |
_aES-MaACL _jC-27635 _bR.103079 |
||
| 999 |
_c77315 _d77315 |
||